El Nuevo Testamento de nuestro Senor Jesucristo = : (Record no. 31154)

MARC details
000 -LEADER
fixed length control field 00678nam a22002177a 4500
001 - CONTROL NUMBER
control field sjds
003 - CONTROL NUMBER IDENTIFIER
control field sjds
005 - DATE AND TIME OF LATEST TRANSACTION
control field 20251114133301.0
008 - FIXED-LENGTH DATA ELEMENTS--GENERAL INFORMATION
fixed length control field 251114b |||||||| |||| 00| 0 spa d
040 ## - CATALOGING SOURCE
Transcribing agency sjds
041 ## - LANGUAGE CODE
Language code of text/sound track or separate title spa
041 ## - LANGUAGE CODE
Language code of text/sound track or separate title eng
110 ## - MAIN ENTRY--CORPORATE NAME
Corporate name or jurisdiction name as entry element Gideons International
245 ## - TITLE STATEMENT
Title El Nuevo Testamento de nuestro Senor Jesucristo = :
Remainder of title The New Testament of our Lord and Saviour Jesus Christ /
Statement of responsibility, etc. The Gideons International
246 ## - VARYING FORM OF TITLE
Title proper/short title The New Testament of our Lord and Saviour Jesus Christ
246 ## - VARYING FORM OF TITLE
Title proper/short title Nuevo Testamento:
Remainder of title espanol e ingles
260 ## - PUBLICATION, DISTRIBUTION, ETC. (IMPRINT)
Place of publication, distribution, etc. [s.l] :
Name of publisher, distributor, etc. Gideons International,
Date of publication, distribution, etc. 1967
300 ## - PHYSICAL DESCRIPTION
Extent 728 p. ;
Dimensions 20 cm.
650 ## - SUBJECT ADDED ENTRY--TOPICAL TERM
Topical term or geographic name as entry element Bible
942 ## - ADDED ENTRY ELEMENTS (KOHA)
Koha item type Libro/Book
Holdings
Withdrawn status Lost status Damaged status Not for loan Home library Current library Shelving location Date acquired Inventory number Total Checkouts Full call number Barcode Date last seen Price effective from Koha item type
        San Juan Del Sur -- Biblioteca San Juan Del Sur -- Biblioteca General Stacks 14/11/2025 Inventory date: 15-2-25   REL GID 30002913 14/11/2025 14/11/2025 Libro/Book

Powered by Koha